Oracle 10g : (Record no. 8279)
[ view plain ]
| 000 -LEADER | |
|---|---|
| fixed length control field | 01147nam a22003135a 4500 |
| 005 - DATE AND TIME OF LATEST TRANSACTION | |
| control field | 20201128013354.0 |
| 006 - FIXED-LENGTH DATA ELEMENTS--ADDITIONAL MATERIAL CHARACTERISTICS--GENERAL INFORMATION | |
| fixed length control field | a||||fr||||z00| 0 |
| 008 - FIXED-LENGTH DATA ELEMENTS--GENERAL INFORMATION | |
| fixed length control field | 090129r2007 maua frbd 001 0 eng d |
| 020 ## - INTERNATIONAL STANDARD BOOK NUMBER | |
| International Standard Book Number | 141883629X |
| 020 ## - INTERNATIONAL STANDARD BOOK NUMBER | |
| International Standard Book Number | 9781418836290 |
| 040 ## - CATALOGING SOURCE | |
| Original cataloging agency | EG-ScBUE |
| Language of cataloging | eng |
| Transcribing agency | EG-ScBUE |
| 082 04 - DEWEY DECIMAL CLASSIFICATION NUMBER | |
| Classification number | 005.7565 |
| Item number | CAS |
| Edition number | 22 |
| 100 1# - MAIN ENTRY--PERSONAL NAME | |
| Personal name | Casteel, Joan. |
| 9 (RLIN) | 26099 |
| 245 10 - TITLE STATEMENT | |
| Title | Oracle 10g : |
| Remainder of title | SQL / |
| Statement of responsibility, etc | Joan Casteel. |
| 260 ## - PUBLICATION, DISTRIBUTION, ETC. (IMPRINT) | |
| Place of publication, distribution, etc | Boston : |
| Name of publisher, distributor, etc | Thomson Course Technology, |
| Date of publication, distribution, etc | c.2007. |
| 300 ## - PHYSICAL DESCRIPTION | |
| Extent | xxi, 618 p. : |
| Other physical details | ill. ; |
| Dimensions | 24 cm. + |
| Accompanying material | 1 CD-ROMs ( 4 3/4 in.) |
| 500 ## - GENERAL NOTE | |
| General note | Index : p. 607-618. |
| 500 ## - GENERAL NOTE | |
| General note | Glossary : p. 601-606. |
| 504 ## - BIBLIOGRAPHY, ETC. NOTE | |
| Bibliography, etc | Includes bibliographical references. |
| 538 ## - SYSTEM DETAILS NOTE | |
| System details note | System requirements: Microsoft Windows NT, 2000 Professional, or XP Professional operating system; 500MB of RAM; between 2.75GB and 4.75GB of hard disk space. |
| 590 ## - LOCAL NOTE (RLIN) | |
| Local note | Doha Ragab |
| 650 #0 - SUBJECT ADDED ENTRY--TOPICAL TERM | |
| Topical term or geographic name as entry element | SQL (Computer program language) |
| Source of heading or term | BUEsh |
| 9 (RLIN) | 26100 |
| 651 ## - SUBJECT ADDED ENTRY--GEOGRAPHIC NAME | |
| Source of heading or term | BUEsh |
| 653 ## - INDEX TERM--UNCONTROLLED | |
| Resource For college | Informatics and Computer Science |
| Arrived date list | August2015 |
| 655 ## - INDEX TERM--GENRE/FORM | |
| Form subdivision | |
| -- | 34232 |
| 630 00 - SUBJECT ADDED ENTRY--UNIFORM TITLE | |
| 9 (RLIN) | 3065 |
| Uniform title | Oracle (Computer file) |
| Source of heading or term | BUEsh |
| 740 02 - ADDED ENTRY--UNCONTROLLED RELATED/ANALYTICAL TITLE | |
| Uncontrolled related/analytical title | Oracle database 10g. |
| 942 ## - ADDED ENTRY ELEMENTS (KOHA) | |
| Call number prefix | 005.7565 CAS |
| Source of classification or shelving scheme | Dewey Decimal Classification |
| Withdrawn status | Item status | Source of classification or shelving scheme | Damaged status | Not for loan | Vendor | Home library | Current library | Shelving location | Date acquired | Source of acquisition | Total Checkouts | Total Renewals | Full call number | Barcode | Date last seen | Date last borrowed | Koha item type | Cost, normal purchase price | Serial Enumeration / chronology |
|---|---|---|---|---|---|---|---|---|---|---|---|---|---|---|---|---|---|---|---|
| Dewey Decimal Classification | Alahram | Central Library | Central Library | Lower Floor | 02/03/2008 | 1 | 3 | 005.7565 CAS | 000009952 | 15/07/2025 | 25/02/2009 | Book - Borrowing | |||||||
| Dewey Decimal Classification | Alahram | Central Library | Central Library | Lower Floor | 29/01/2009 | 005.7565 CAS | 000010330 | 24/08/2022 | CD | DVD - With book | ||||||||||
| Dewey Decimal Classification | Alahram | Central Library | Central Library | Lower Floor | 29/01/2009 | 1 | 1 | 005.7565 CAS | 000014406 | 15/07/2025 | 05/01/2012 | Book - Borrowing | 296.60 | 06469 | |||||
| Dewey Decimal Classification | Alahram | Central Library | Central Library | Lower Floor | 29/01/2009 | 005.7565 CAS | 000014407 | 24/08/2022 | CD | DVD - With book | 06469 |